| 000 | 01073pab a2200181 454500 | ||
|---|---|---|---|
| 008 | 180718b1999 xxu||||| |||| 00| 0 eng d | ||
| 100 | _aKeysers, Loes | ||
| 245 | _aThe politics of inclusion and exclusion: fortress Europe and the reproductive rights agenda | ||
| 260 | _c1999 | ||
| 300 | _ap.18-24 | ||
| 362 | _aMar | ||
| 520 | _aLoes Keysers looks at Europe's role in shaping the feminist agenda for reproductive health and rights within the large macro-economic context. Keysers reviews the Cairo reproductive health and rights agenda within the sobering global context of population and development questions, taking up the relations within Europe and in the international domain of North-South cooperation. She argues that there are complex and controversial issues that need to come to the fore if Europe is to play an accountable and coherent role in setting a social justice rather than population control agenda. - Reproduced | ||
| 650 | _aPopulation - Europe | ||
| 650 | _aPopulation | ||
| 650 | _aWomens rights | ||
| 773 | _aDevelopment | ||
| 909 | _a41184 | ||
| 999 |
_c41184 _d41184 |
||